• 首页
  • 本馆介绍
  • 公告通知
  • 最新文献
  • 馆藏检索
  • 电子资源
  • 读者导购
  • 参考咨询
  • 我的图书馆
  • 登录
  • 详细信息显示
  • 放入我的书架
  • 预约/预借图书
  • 作者相关作品
  • 分类相关作品
  • 丛书相关作品
  • 出版社相关作品

书目信息

  • 表格格式
  • 工作单格式
  • 卡片格式
题名:
世界上古史纲
    
 
作者: 《世界上古史纲》编写组编
分册: 上册  
出版信息: 北京   人民出版社  1979
页数: 430页
开本: 20cm
丛书名:
单 册:
中图分类: K11
科图分类:
主题词: 世界史:上古史 , 上古史:世界史
电子资源:
ISBN:
000 00574nam0 2200229 45
001 0179007785
005 20040507105033.7
010    @dCNY1.15
091    @a11001.362
100    @a19950810d1979 em y0chiy0121 ea
101 0  @achi
102    @aCN@b110000
105    @ay z 000yy
106    @ar
200 10 @a世界上古史纲@Ashi jie shang gu shi gang@h上册@f《世界上古史纲》编写组编
210    @a北京@c人民出版社@d1979
215    @a430页@d20cm
606    @a世界史:上古史
606    @a上古史:世界史
690    @aK11@v3
801  0 @aCN@bNLC@c20040102
905    @dK11@e16:1
    
    世界上古史纲.上册/《世界上古史纲》编写组编.-北京:人民出版社,1979
    430页;20cm
    
    
    ISBN :CNY1.15
    
●
相关链接 在E读中查询图书 在五车中查询图书 在当当中查询图书 在豆瓣中查询图书


正题名:世界上古史纲     索取号:K11/16:1         预约/预借

序号 登录号 条形码 馆藏地/架位号 状态 备注
1 0054411   001861505   密集书库/ [索取号:K11/16:1] 在馆    
2 0054412   001861541   密集书库/ [索取号:K11/16:1] 在馆    
3 0054413   001520866   密集书库/ [索取号:K11/16:1] 在馆    
4 0054414   001520857   密集书库/ [索取号:K11/16:1] 在馆    
5 0054415   001861426   密集书库/ [索取号:K11/16:1] 在馆    
6 0061081   001861462   密集书库/ [索取号:K11/16:1] 在馆    
7 0061082   001901035   密集书库/ [索取号:K11/16:1] 在馆    
8 0061083   202112613   第二样本阅览室/ [索取号:K11/16:1] 在馆    
9 0061084   001520839   密集书库/ [索取号:K11/16:1] 在馆    
10 0061085   001417559   密集书库/ [索取号:K11/16:1] 在馆    
11 0200296   001520820   密集书库/ [索取号:K11/16:1] 在馆    
12 0200297   001520811   密集书库/ [索取号:K11/16:1] 在馆    
唐山师范学院图书馆 欢迎您!
大连网信软件有限公司© 版权所有